| 000 | 00918pam a2200289 a 4500 | ||
|---|---|---|---|
| 008 | |||
| 020 | _a9781107687561 (paperback) | ||
| 040 |
_aNUST _cNUST |
||
| 049 | _aMAIN | ||
| 050 | 0 | 0 |
_aQB43.3 _bPAS |
| 100 | 1 |
_aPasachoff, Jay M., _aauthor. |
|
| 245 | 1 | 0 |
_aThe Cosmos: astronomy in the new millenium / _bJay M. Pasachoff and Alex Filippenko. |
| 250 | _aFourth Edition. | ||
| 260 |
_aNew York : _bCambridge University Press, _c2014. |
||
| 300 |
_axxiii, 599 p. : _bcoloured illustrations ; _c26 cm. |
||
| 336 |
_atext _btxt _2rdacontent |
||
| 337 |
_aumediated _bn _2rdamedia |
||
| 338 |
_avolume _bnc _2rdacarrier |
||
| 500 | _aIncludes index. | ||
| 504 | _aIncludes biliographical references. | ||
| 650 | 0 | _aAstronomy. | |
| 700 | 1 |
_aFilippenko, Alex., _aauthor. |
|
| 907 |
_a.b10399914 _b21-06-21 _c22-03-21 |
||
| 003 | |||
| 005 | 20230123141146.0 | ||
| 942 | _cBOOKS | ||
| 999 |
_c168694 _d168694 |
||